• 首页
  • 本馆介绍
  • 公告通知
  • 最新文献
  • 馆藏检索
  • 电子资源
  • 读者导购
  • 参考咨询
  • 我的图书馆
  • 登录
  • 详细信息显示
  • 放入我的书架
  • 预约/预借图书
  • 作者相关作品
  • 分类相关作品
  • 丛书相关作品
  • 出版社相关作品

书目信息

  • 表格格式
  • 工作单格式
  • 卡片格式
题名:
建筑工程资料管理
    
 
作者: 刘亚龙 , 梁晓丹 , 刘振霞 主编
分册:  
出版信息: 北京   北京理工大学出版社有限责任公司  2021.1
页数: 246页
开本: 26cm
丛书名:
单 册:
中图分类: G275.3
科图分类:
主题词: 建筑工程--技术档案--档案管理
电子资源:
ISBN: 978-7-5763-0543-2
000 00967nam0 2200253 450
001 012001000551
005 20141201152443.0
010    @a978-7-5763-0543-2@dCNY69.00
100    @a20220905d2021 em y0chiy0110 ea
101 0  @achi
102    @aCN@b110000
105    @ay z 000yy
106    @ar
200 1  @a建筑工程资料管理@Ajian zhu gong cheng zi liao guan li@f刘亚龙,梁晓丹,刘振霞主编
210    @a北京@c北京理工大学出版社有限责任公司@d2021.1
215    @a246页@d26cm
330    @a本书共九章,主要内容包括建筑工程资料管理的基本知识、建筑工程准备阶段资料、建设监理资料、施工管理与控制资料、施工物资资料、施工记录、施工试验记录及检测报告、施工质量验收记录与竣工验收资料、建筑工程竣工文件管理等。
606 0  @a建筑工程@x技术档案@x档案管理
690    @aG275.3@v5
701  0 @a刘亚龙@Aliu ya long@4主编
701  0 @a梁晓丹@Aliang xiao dan@4主编
701  0 @a刘振霞@Aliu zhen xia@4主编
801  0 @aCN@bAHXH@c20221111
905    @b1362260-2@dG275.3@e273@f3
    
    建筑工程资料管理/刘亚龙,梁晓丹,刘振霞主编.-北京:北京理工大学出版社有限责任公司,2021.1
    246页;26cm
    
    
    ISBN 978-7-5763-0543-2:CNY69.00
    本书共九章,主要内容包括建筑工程资料管理的基本知识、建筑工程准备阶段资料、建设监理资料、施工管理与控制资料、施工物资资料、施工记录、施工试验记录及检测报告、施工质量验收记录与竣工验收资料、建筑工程竣工文件管理等。
●
相关链接 在E读中查询图书 在五车中查询图书 在当当中查询图书 在豆瓣中查询图书


正题名:建筑工程资料管理     索取号:G275.3/273         预约/预借

序号 登录号 条形码 馆藏地/架位号 状态 备注
1 1362260   213622604   第一样本阅览室/ [索取号:G275.3/273] 在馆    
2 1362261   213622613   第四借阅区/ [索取号:G275.3/273] 在馆    
3 1362262   213622622   第四借阅区/ [索取号:G275.3/273] 在馆    
唐山师范学院图书馆 欢迎您!
大连网信软件有限公司© 版权所有